000 01589nam a22003373a 4500
005 20090930121333.0
008 050725t20052003nyu | 00| f eng d
010 _aB-359083
020 _a9788129113726
_c95.00
035 _aB-359083
035 _aB-368629
037 _bPansy Books
037 _bRP
040 _adpl
_bEnglish
082 _aN
100 _a Bhagat, Chetan
245 _aThe 3 mistakes of my life :
_cby Chetan Bhagat
_ba story about business, cricket and religion /
260 _aNew Delhi
_bRupa & Co.
_c2009
270 _a7/16, Ansari Road, Daryaganj
_bNew Delhi
_e110002
300 _axx, 257p.
_c21cm(pbk)
655 _aLove stories.
_2gsafd
655 _aDomestic fiction.
_2lcsh
710 _aCopyright Paperback Collection (Library of Congress)
942 _2ddc
_cEN
_hN
_mBHA
999 _c30733
_d30733